| 000 | 00490cam a22001691 4500 | ||
|---|---|---|---|
| 001 | 000017556 | ||
| 005 | 20200929165142.0 | ||
| 008 | 760819s1950 xxu 001 0 eng | ||
| 040 |
_aDO-SdBNP _bspa _cBNPHU |
||
| 082 |
_axxxx _bG427 |
||
| 100 | 1 |
_aGhose, Aurobindo, _d1872-1950. _938302 |
|
| 245 | 1 | 0 |
_aEssays on the Gita / _cSri Aurobindo. |
| 260 |
_aNew York, : _bSri Aurobindo Library, _c1950. |
||
| 300 |
_a580 p. ; _c22 cm. |
||
| 500 | _aIncluye índice | ||
| 630 | 0 | 0 |
_aBhagavadgita. _938303 |
| 999 |
_c17081 _d17081 |
||